000 00183 a2200097 4500
020 _a9780836865493
041 _aspa
100 _aJoann Early Macken
245 _aDesiertos
942 _cBK
999 _c1715
_d1715